000 02152nam1a2200325 4500
001 RU\NLR\BIBL_A\012185428
005 20260423111834.0
010 _a978-5-7831-1809-8
035 _a(NLR Aleph) 012185428
090 _a12290384
_c12290384
100 _a20260426 rusy50
101 0 _arus
102 _aRU
105 _a||||j||||||||
181 0 _ai
_baxxe
182 0 _an
200 1 _aОрганизация эксплуатации и ремонта установок электроцентробежных насосов в нефтедобывающей отрасли
_eучебное пособие
_e[для студентов по направлениям 21.03.01 Нефтегазовое дело и 21.05.06 Нефтегазовые техника и технологии
_eв 2 т.]
_fС. Ш. Шарипов, Ф. Ш. Забиров, В. Г. Акшенцев
_gпод общей редакцией Р. Н. Бахтизина
_gМинистерство науки и высшего образования Российской Федерации, Федеральное государственное бюджетное образовательное учреждение высшего образования "Уфимский государственный нефтяной технический университет"
203 _aТекст
_bвизуальный
_cнепосредственный
210 _aУфа
_cИзд-во УГНТУ
_d2019–2024
215 _d25
606 1 _aНефтяные насосы центробежные электрические
_jУчебные издания для высших учебных заведений
_92152490
_3RU\NLR\AUTH\661600883
686 1 _aИ361.3-5я73-1
700 1 _aШарипов
_bС. Ш.
_gСалихьян Шакирьянович
701 1 _aЗабиров
_bФ. Ш.
_gФердинанд Шайхиевич
701 1 _aАкшенцев
_bВ. Г.
_gВалерий Георгиевич
852 _aNLR
_j2020-7/422
942 _cBOOK
980 _aNB